Statistics for Guess the Letter-shaped Flags #8

Click here to take the quiz!

General Stats

  • This quiz has been taken 30 times
  • The average score is 17 of 20

Answer Stats

Answer% Correct
Australia
100%
Georgia
100%
Luxembourg
100%
Hungary
96%
Iraq
96%
Liberia
96%
North Korea
96%
El Salvador
89%
Turkmenistan
89%
Belize
86%
Kuwait
86%
Tanzania
86%
Paraguay
82%
Vanuatu
79%
Mauritania
75%
Suriname
75%
Burundi
68%
Central African Republic
64%
Sierra Leone
61%
Saint Vincent and the Grenadines
50%

Score Distribution

Percentile by Number Answered

Percent of People with Each Score

Your Score History

You have not taken this quiz